000 00370nam a2200133 i 4500
001 bg
100 1 _aMOCHOCKI, Zbigniew.
245 1 0 _aAtomistyka współczesna.
_nCz. 1,
_pHistoria atomu i elementy mechaniki kwantowej /
_cZbigniew Mochocki.
260 _aWarszawa,
_c1975.
040 _cBPK
041 _apol
942 _cKS
008 s pl f |000 0 pol
999 _c16477
_d16477
856 _uhttp://koha.tu.koszalin.pl/cgi-bin/koha/opac-detail.pl?biblionumber=16477
_yKatalog online BPK